ბათუმის შოთა რუსთაველის სახელმწიფო უნივერსიტეტის ბიბლიოთეკა

Гидравлика и насосы. (ბიბ.ჩანაწერი № 37366)

000 -LEADER
fixed length control field 00635nam a2200217Ia 4500
001 - CONTROL NUMBER
control field 3325
003 - CONTROL NUMBER IDENTIFIER
control field GE_BSU
008 - FIXED-LENGTH DATA ELEMENTS--GENERAL INFORMATION
fixed length control field 181216s||||||||xx |||||||||||||| ||und||
040 ## - CATALOGING SOURCE
Transcribing agency GE_BSU
080 ## - UNIVERSAL DECIMAL CLASSIFICATION NUMBER
Universal Decimal Classification number 621.65(075)
100 ## - MAIN ENTRY--PERSONAL NAME
Personal name Цыбин,Л.А. Шанаев,И.Ф.
245 ## - TITLE STATEMENT
Title Гидравлика и насосы.
245 ## - TITLE STATEMENT
Remainder of title Учебное пособие для техникумов.
245 ## - TITLE STATEMENT
Statement of responsibility, etc. Науч. ред. В.С.Муромов.
260 ## - PUBLICATION, DISTRIBUTION, ETC.
Place of publication, distribution, etc. М.
260 ## - PUBLICATION, DISTRIBUTION, ETC.
Name of publisher, distributor, etc. Высш. школа.
260 ## - PUBLICATION, DISTRIBUTION, ETC.
Date of publication, distribution, etc. 1976.
300 ## - PHYSICAL DESCRIPTION
Extent 256 стр. с илл. 20 см.
653 ## - INDEX TERM--UNCONTROLLED
Uncontrolled term Гидравлика и насосы.
942 ## - ADDED ENTRY ELEMENTS (KOHA)
Koha item type წიგნი
ეგზემპლარები
Withdrawn status Lost status Damaged status Not for loan Date acquired Barcode Date last seen Price effective from Koha item type
        2018-12-17 9317 2018-12-17 2018-12-17 წიგნი